[Event "Titled Tuesday intern op 15th Aug Late"]
[Site "Chess.com INT"]
[Date "2023.08.15"]
[Round "5"]
[White "Lenoir Ibacache, Gabriel Alberto"]
[Black "Varela la Madrid, Maria"]
[Result "0-1"]
[WhiteElo "2225"]
[BlackElo "1968"]
[PlyCount "64"]
[EventDate "2023.08.15"]
[EventType "swiss (blitz)"]
[EventRounds "11"]
[EventCountry "USA"]
[SourceTitle "EXT 2024"]
[Source "ChessBase"]
[SourceDate "2023.10.10"]
[SourceVersion "1"]
[SourceVersionDate "2023.10.10"]
[SourceQuality "1"]

1. e4 c6 2. d4 d5 3. e5 c5 4. dxc5 Nc6 5. Nf3 Bg4 6. c3 e6 7. Be3 Bxf3 8. Qxf3 Nxe5 9. Bb5+ Nd7 10. Nd2 a6 11. Ba4 Ngf6 12. b4 Be7 13. 0-0 0-0 14. Rfd1 a5 15. a3 Ne5 16. Qg3 Ng6 17. c4 Qc8 18. Bb3 axb4 19. axb4 Rd8 20. cxd5 Nxd5 21. Nc4 Rxa1 22. Rxa1 Nxb4 23. Nb6 Qc6 24. Rc1 Nd5 25. Bd4 Nxb6 26. Be5 Nd5 27. f4 Nxe5 28. fxe5 Bxc5+ 29. Kh1 Qb6 30. Rb1 Qc7 31. Bc2 Ne7 32. Qh4 Ng6 0-1

[Event "DEN-ch G5-1 A"]
[Site "Skorping"]
[Date "2017.04.10"]
[Round "3"]
[White "Brandt, Klaus P"]
[Black "Varela la Madrid, Maria"]
[Result "0-1"]
[WhiteElo "1830"]
[BlackElo "1974"]
[PlyCount "40"]
[EventDate "2017.04.08"]
[EventType "swiss"]
[EventRounds "5"]
[EventCountry "DEN"]
[SourceTitle "EXT 2020"]
[Source "ChessBase"]
[SourceDate "2019.10.17"]
[SourceVersion "1"]
[SourceVersionDate "2019.10.17"]
[SourceQuality "1"]

1. d4 Nf6 2. c4 g6 3. Nc3 d5 4. Bf4 Bg7 5. e3 0-0 6. Qb3 c5 7. Nf3 dxc4 8. Bxc4 Nc6 9. Be2 cxd4 10. Rd1 Nh5 11. 0-0 Nxf4 12. exf4 Qd6 13. g3 Be6 14. Qc2 Bf5 15. Qc1 Rac8 16. Nb5 Qb4 17. a3 Qa4 18. Bc4 Na5 19. Nd2 Nxc4 20. b3 Qxb5 0-1

[Event "Bridgetown sub zt 2.3.5 (Women)"]
[Site "Bridgetown"]
[Date "2016.05.01"]
[Round "6"]
[White "Diaz, Maria MA"]
[Black "Varela la Madrid, Maria"]
[Result "1-0"]
[WhiteElo "1914"]
[BlackElo "1931"]
[PlyCount "63"]
[EventDate "2016.04.28"]
[EventType "swiss"]
[EventRounds "9"]
[EventCountry "BAR"]
[SourceTitle "CBM 172 Extra"]
[Source "ChessBase"]
[SourceDate "2016.06.21"]
[SourceVersion "1"]
[SourceVersionDate "2016.06.21"]
[SourceQuality "1"]

1. d4 Nf6 2. c4 d6 3. Nc3 Nbd7 4. e4 e5 5. d5 Be7 6. Nf3 0-0 7. Be2 c6 8. Nd2 Qc7 9. b3 a6 10. Bb2 Rb8 11. 0-0 b5 12. dxc6 Qxc6 13. Rc1 bxc4 14. Bxc4 Nc5 15. Nd5 Nxd5 16. Bxd5 Qd7 17. Nc4 Bb7 18. Re1 Kh8 19. Ba3 f6 20. Bxb7 Qxb7 21. Nxd6 Bxd6 22. Qxd6 Nxe4 23. Qd3 Ng5 24. Bxf8 Rxf8 25. h4 Ne6 26. Qd6 Qf7 27. Rc6 Re8 28. Re3 Nf4 29. Rc7 Qg6 30. Qc6 e4 31. Qxe4 Nh3+ 32. Kf1 1-0

[Event "VEN-ch (Women)"]
[Site "Lecheria"]
[Date "2015.03.18"]
[Round "10"]
[White "Rovira Contreras, Tairu Manuela"]
[Black "Varela la Madrid, Maria"]
[Result "1-0"]
[WhiteElo "2009"]
[BlackElo "1948"]
[PlyCount "83"]
[EventDate "2015.03.12"]
[EventType "tourn"]
[EventRounds "11"]
[EventCountry "VEN"]
[SourceTitle "CBM 165 Extra"]
[Source "ChessBase"]
[SourceDate "2015.04.21"]
[SourceVersion "1"]
[SourceVersionDate "2015.04.21"]
[SourceQuality "1"]

1. d4 d5 2. c4 c6 3. Nf3 Nf6 4. Nc3 e6 5. Bg5 h6 6. Bh4 Nbd7 7. e3 Bd6 8. Bd3 0-0 9. 0-0 Qc7 10. Rc1 Qb8 11. Re1 c5 12. Nb5 Ne4 13. cxd5 exd5 14. Bxe4 dxe4 15. dxc5 exf3 16. cxd6 fxg2 17. Nc7 Ne5 18. Qd5 Ng6 19. Be7 Bd7 20. Bxf8 Qxf8 21. Nxa8 Qxa8 22. Rc7 Qe8 23. Qxb7 Ne5 24. Rxd7 Nxd7 25. Qxg2 Qe6 26. Rd1 Qxa2 27. Qa8+ Kh7 28. Qe4+ g6 29. Qd5 Qxd5 30. Rxd5 Kg7 31. Ra5 Kf6 32. Rxa7 Ke6 33. Rxd7 Kxd7 34. Kf1 Kxd6 35. Ke2 f5 36. Kd3 Kc5 37. f3 g5 38. e4 f4 39. h3 h5 40. b3 Kc6 41. Kd4 Kb5 42. e5 1-0

[Event "VEN-ch (Women)"]
[Site "Lecheria"]
[Date "2015.03.16"]
[Round "7"]
[White "Varela la Madrid, Maria"]
[Black "Montilla Reyes, Jorcerys"]
[Result "1-0"]
[WhiteElo "1948"]
[BlackElo "2112"]
[PlyCount "89"]
[EventDate "2015.03.12"]
[EventType "tourn"]
[EventRounds "11"]
[EventCountry "VEN"]
[SourceTitle "CBM 165 Extra"]
[Source "ChessBase"]
[SourceDate "2015.04.21"]
[SourceVersion "1"]
[SourceVersionDate "2015.04.21"]
[SourceQuality "1"]

1. d4 d5 2. Nf3 Nf6 3. Bf4 c6 4. c3 Bf5 5. Nbd2 e6 6. e3 Bd6 7. Bg3 0-0 8. Be2 Ne4 9. Ne5 f6 10. Nd3 Nxg3 11. hxg3 e5 12. Qb3 Qb6 13. Qc2 Nd7 14. 0-0 Rac8 15. g4 Bg6 16. f4 exf4 17. exf4 Rfe8 18. Rae1 c5 19. f5 Bf7 20. Qa4 Rcd8 21. Bf3 Rxe1 22. Rxe1 c4 23. Nb4 Bxb4 24. Qxb4 Qxb4 25. cxb4 Kf8 26. Nb1 Nb8 27. b5 a6 28. Nc3 axb5 29. Nxb5 Nc6 30. a3 Ra8 31. Rd1 Ke7 32. Kf2 Kd7 33. Nc3 Ra5 34. Ke3 Kd6 35. Rd2 b5 36. Kf4 b4 37. axb4 Nxb4 38. g5 Nd3+ 39. Kg4 fxg5 40. Kxg5 h6+ 41. Kh4 Ra6 42. Be2 Nc1 43. Bh5 Nb3 44. Rd1 Ra7 45. Nb5+ 1-0

[Event "VEN pre olympic (Women) 2nd"]
[Site "Barquisimeto"]
[Date "2014.04.18"]
[Round "6"]
[White "Varela la Madrid, Maria"]
[Black "Varela la Madrid, Tilsia Carolin"]
[Result "1/2-1/2"]
[WhiteElo "1965"]
[BlackElo "1996"]
[PlyCount "73"]
[EventDate "2014.04.16"]
[EventType "tourn"]
[EventRounds "8"]
[EventCountry "VEN"]
[SourceTitle "EXT 2016"]
[Source "ChessBase"]
[SourceDate "2015.10.08"]
[SourceVersion "1"]
[SourceVersionDate "2015.10.08"]
[SourceQuality "1"]

1. e4 d5 2. exd5 Qxd5 3. c4 Qa5 4. Nc3 c6 5. d4 Nf6 6. Nf3 Bg4 7. Be2 Nbd7 8. 0-0 e6 9. h3 Bh5 10. Bf4 Bb4 11. Qb3 0-0 12. a3 Bxc3 13. bxc3 Qb6 14. Qxb6 axb6 15. Rfb1 Rfc8 16. g4 Bg6 17. Rb2 Ra4 18. Be5 Rca8 19. Bd6 h6 20. Nd2 Ne4 21. Nxe4 Bxe4 22. f3 Bg6 23. Kf2 c5 24. dxc5 Nxc5 25. Bxc5 bxc5 26. Rxb7 Rxa3 27. Rxa3 Rxa3 28. Rc7 Ra5 29. h4 f6 30. f4 Be4 31. Ke3 f5 32. g5 hxg5 33. hxg5 g6 34. Bd3 Bg2 35. Re7 Ra6 36. Rc7 Ra5 37. Be2 1/2-1/2

[Event "Barquisimeto Preolimp (Women) 2nd"]
[Site "Barquisimeto"]
[Date "2014.03.15"]
[Round "5.4"]
[White "Campos Perez, Melanny"]
[Black "Varela la Madrid, Maria"]
[Result "1-0"]
[WhiteElo "1937"]
[BlackElo "1958"]
[PlyCount "57"]
[EventDate "2014.03.12"]
[EventType "tourn"]
[EventRounds "7"]
[EventCountry "VEN"]
[SourceTitle "EXT 2022"]
[Source "ChessBase"]
[SourceDate "2021.10.06"]
[SourceVersion "1"]
[SourceVersionDate "2021.10.06"]
[SourceQuality "1"]

1. e4 c6 2. f4 d5 3. e5 Bf5 4. d4 e6 5. Bd3 Nh6 6. Nf3 Be7 7. 0-0 0-0 8. Bxf5 Nxf5 9. g4 Nh6 10. h3 c5 11. f5 exf5 12. Bxh6 fxg4 13. Bxg7 Kxg7 14. hxg4 Qb6 15. Nc3 Qe6 16. Kh2 Nc6 17. Nb5 Rad8 18. c3 a6 19. Na3 Rh8 20. Rg1 cxd4 21. cxd4 Bxa3 22. bxa3 Qh6+ 23. Kg3 Na5 24. Rh1 Qe3 25. Qc2 Qe4 26. Qd2 Nc4 27. Qh6+ Kg8 28. Qg5+ Kf8 29. Qxd8+ 1-0

[Event "VEN pre olympic (Women)"]
[Site "Caracas"]
[Date "2014.02.13"]
[Round "1"]
[White "Otazo Sanchez, Annyd Gabriela"]
[Black "Varela la Madrid, Maria"]
[Result "1-0"]
[WhiteElo "2020"]
[BlackElo "1947"]
[PlyCount "113"]
[EventDate "2014.02.13"]
[EventType "swiss"]
[EventRounds "7"]
[EventCountry "VEN"]
[SourceTitle "CBM 158 Extra"]
[Source "ChessBase"]
[SourceDate "2014.02.28"]
[SourceVersion "1"]
[SourceVersionDate "2014.02.28"]
[SourceQuality "1"]

1. e4 c5 2. Nf3 Nc6 3. d4 cxd4 4. Nxd4 Nf6 5. Nc3 g6 6. Be3 Bg7 7. Bc4 0-0 8. f3 Qb6 9. Qd2 Nxe4 10. fxe4 Nxd4 11. 0-0 Qc5 12. Bb3 Nxb3 13. axb3 Qc6 14. Nd5 Qd6 15. Qf2 Qe5 16. Nb6 axb6 17. Rxa8 Qxe4 18. Bxb6 Qc6 19. c3 f5 20. Qc5 d6 21. Qxc6 bxc6 22. Re1 e5 23. Bc7 Re8 24. Bxd6 e4 25. Kf2 Bh6 26. Bc5 Kf7 27. Rea1 e3+ 28. Ke2 f4 29. R1a7+ Kf6 30. Bd4+ Kg5 31. Ke1 c5 32. Ra5 Kg4 33. Rxc5 Bd7 34. Rxe8 Bxe8 35. Ke2 Bd7 36. b4 Kh4 37. b5 Bg4+ 38. Ke1 f3 39. gxf3 Bxf3 40. Re5 Bf4 41. Re7 h5 42. Bxe3 Bxh2 43. b6 g5 44. b7 g4 45. Ba7 Kh3 46. b8Q Bxb8 47. Bxb8 Kg2 48. Rh7 g3 49. c4 Bg4 50. c5 Kf3 51. b4 g2 52. Bh2 Ke4 53. Kf2 Kd5 54. Kxg2 Kc6 55. Rh6+ Kb5 56. Rb6+ Kc4 57. c6 1-0

[Event "VEN-ch (Women)"]
[Site "Lecheria"]
[Date "2014.01.14"]
[Round "8"]
[White "Varela la Madrid, Maria"]
[Black "Chghale Perez, Rosmarly Josefina"]
[Result "1-0"]
[WhiteElo "1940"]
[BlackElo "1802"]
[PlyCount "127"]
[EventDate "2014.01.10"]
[EventType "swiss"]
[EventRounds "9"]
[EventCountry "VEN"]
[SourceTitle "CBM 158 Extra"]
[Source "ChessBase"]
[SourceDate "2014.02.28"]
[SourceVersion "1"]
[SourceVersionDate "2014.02.28"]
[SourceQuality "1"]

1. d4 d5 2. Nf3 c6 3. c3 Nf6 4. Bg5 Bf5 5. Nbd2 e6 6. Nh4 h6 7. Nxf5 hxg5 8. Ng3 Bd6 9. e3 Bxg3 10. fxg3 Nbd7 11. Bd3 Qe7 12. Qe2 0-0-0 13. 0-0-0 Rhe8 14. e4 e5 15. exd5 Nxd5 16. dxe5 Nxe5 17. Bf5+ Kb8 18. Rhe1 f6 19. Nf3 Qc5 20. Nxe5 Rxe5 21. Qf3 Rde8 22. Rxe5 Rxe5 23. Be4 Qe3+ 24. Qxe3 Nxe3 25. Bf3 Nxd1 26. Kxd1 Kc7 27. Kd2 Kd6 28. b4 b6 29. a4 a5 30. Kd3 f5 31. h3 f4 32. gxf4 gxf4 33. Kd4 g5 34. Bxc6 Re1 35. Bf3 Ra1 36. Kc4 Rxa4 37. Kb5 Ra3 38. Kxb6 Rxc3 39. Kxa5 Kc7 40. b5 Ra3+ 41. Kb4 Ra1 42. Kc5 Rc1+ 43. Kd4 Kb6 44. Bc6 Re1 45. Be4 Kxb5 46. Kd5 Rc1 47. Ke5 Re1 48. Kf5 Kc5 49. Bf3 Kd6 50. Kxg5 Ke5 51. h4 Rc1 52. Kg6 Rc8 53. h5 Rd8 54. h6 Rd6+ 55. Kg5 Rd7 56. Bg4 Rf7 57. Kg6 Ra7 58. h7 Ra6+ 59. Kg5 Ra8 60. Bf3 Rd8 61. Bc6 Kd6 62. Ba4 Rf8 63. Bb3 Ke7 64. Bg8 1-0

[Event "VEN-ch Expertos y Maestros (Women)"]
[Site "San Carlos"]
[Date "2012.06.21"]
[Round "5"]
[White "Varela la Madrid, Maria"]
[Black "Velasquez, Luisana"]
[Result "1-0"]
[WhiteElo "1929"]
[BlackElo "1749"]
[PlyCount "46"]
[EventDate "2012.06.19"]
[EventType "swiss"]
[EventRounds "9"]
[EventCountry "VEN"]
[SourceTitle "EXT 2015"]
[Source "ChessBase"]
[SourceDate "2014.11.20"]
[SourceVersion "1"]
[SourceVersionDate "2014.11.20"]
[SourceQuality "1"]

1. d4 d5 2. Nf3 c6 3. c3 Nf6 4. Bg5 Ne4 5. Bf4 Nd7 6. e3 e6 7. Bd3 Be7 8. Nbd2 g5 9. Bg3 Nxg3 10. hxg3 f5 11. g4 Nf8 12. Ne5 Bf6 13. gxf5 Bxe5 14. dxe5 h6 15. f6 Qc7 16. f4 gxf4 17. exf4 Bd7 18. Qh5+ Kd8 19. Qf7 Be8 20. Qg7 Ng6 21. Bxg6 Qxg7 22. fxg7 Rg8 23. Bxe8 Kxe8 1-0

[Event "VEN-ch Expertos y Maestros (Women)"]
[Site "San Carlos"]
[Date "2012.06.20"]
[Round "3"]
[White "Varela la Madrid, Maria"]
[Black "Otazo, Annyd"]
[Result "0-1"]
[WhiteElo "1929"]
[BlackElo "1944"]
[PlyCount "80"]
[EventDate "2012.06.19"]
[EventType "swiss"]
[EventRounds "9"]
[EventCountry "VEN"]
[SourceTitle "EXT 2015"]
[Source "ChessBase"]
[SourceDate "2014.11.20"]
[SourceVersion "1"]
[SourceVersionDate "2014.11.20"]
[SourceQuality "1"]

1. d4 Nf6 2. c4 e6 3. Nc3 Bb4 4. f3 d5 5. a3 Bxc3+ 6. bxc3 b6 7. cxd5 exd5 8. e3 0-0 9. Bd3 c5 10. Ne2 Ba6 11. 0-0 Bxd3 12. Qxd3 c4 13. Qd2 Re8 14. Re1 Nc6 15. a4 Na5 16. Ra2 Nb3 17. Qc2 Qd7 18. Ng3 Qc6 19. Bd2 Re6 20. Re2 Rae8 21. Nf1 a5 22. Be1 b5 23. axb5 Qxb5 24. Bh4 Nh5 25. Bg3 Nxg3 26. hxg3 Qc6 27. Kf2 g6 28. g4 R6e7 29. Nd2 a4 30. e4 Nxd2 31. Qxd2 dxe4 32. Qg5 e3+ 33. Kg1 Qa6 34. Qc5 Rb7 35. g3 Rb1+ 36. Kg2 Rb3 37. Ra3 Rxa3 38. Qxa3 Qb5 39. Rb2 Qxb2+ 40. Qxb2 e2 0-1